000 00373nam a2200157Ia 4500
003 Ost
005 20260225132549.0
008 260225s9999||||xx |||||||||||||| ||und||
040 _cfsic
041 _afre
082 _a440
100 _aAboubeker rahal
_eAuteur
245 0 _aLe califat de sa naissance à son abolition /
245 0 _cAboubeker rahal
942 _cكتاب
999 _c34026
_d34026